تحميل...

Selected criticism

التفاصيل البيبلوغرافية
المؤلف الرئيسي: Bogan, Louise
التنسيق: Printed Book
اللغة:English
منشور في: New York : H.Wolff , c1955.
LEADER 00412nam a22001217a 4500
008 160622b xxu||||| |||| 00| 0 eng d
100 |a Bogan, Louise 
245 |a Selected criticism 
260 |a New York :  |b H.Wolff ,  |c c1955. 
300 |b 404p. 
942 |c BK 
999 |c 193532  |d 193532 
952 |0 0  |1 0  |4 0  |6 820_900000000000000_BOG_S  |7 0  |9 213662  |a ENG  |b ENG  |c ST1  |d 2016-06-22  |i 14030  |l 0  |o 820.9 BOG/S  |p ENG14030  |r 2016-06-22  |w 2016-06-22  |y BK